01487cam a22003737a 4500003000500000005001700005008004100022010001000063011001000073035001000083040000900093090001000102100003600112245009800148260004000246300001100286502009300297590003700390590004100427590004100468590004100509590004200550650002700592650002900619650002900648650004400677901000700721942000900728949004300737949005500780999001700835952013300852952012800985CHAP20220329141022.0971013s1996 r 00010 d a61376 a62348 a66522 cCHAP aTesis00aIbarra Montoya, Arnulfo.95718213aEl papel del programa de apoyo a la comercialización rural (PACE), en el estado de Campeche aChapingo, Méx. :bEl autor,c1996 a140 h. aTesis (Ing. Agr. Esp. en Sociología Rural) -- UACH. Departamento de Sociología Rural aALEPHb10c20130110lUCH01h1342 aBATCH-UPDb10c20130110lUCH01h0710 aBATCH-UPDb10c20130410lUCH01h0356 aBATCH-UPDb10c20130914lUCH01h0504 aCONVERSIONb10c20130109lUCH01h133314aAyuda técnica.9903514aMaízxCampeche.97089514aMaízxMercadeo.97100714aPolítica agrícolaxCampeche.990295 aBK cFOLL bBCcTESd-151738eTS1h29911i66522si bBCcTESd33724000624334eTS2fc.2h29912i66522si c61376d61376 00102local4053708TESISaBCbBCcPA_TESISd2019-12-31fTESISl0p33724000624334r2019-12-31 00:00:00tc.2w2019-12-31yTESIS 00102local4051708TESISaBCbBCcPA_TESISd2019-12-31fTESISl0oTesisp-151738r2019-12-31 00:00:00w2019-12-31yTESIS